000 00526nam a2200157Ia 4500
008 100122s9999 xx 000 0 und d
082 _b62513
_a823.08.5
100 _aजावडेकर सुबोध
245 _aवामनाचे चौथे पाऊल
250 _a2
260 _bमेहता पब्लिकेशन हाऊस
_c2002
300 _a204
630 _aवामनाचे चौथे पाऊल
730 _aवामनाचे चौथे पाऊल
942 _cBOOK
999 _c436855
_d436852